Sight words for Kindergarten Quiz Stats

 Plays Quiz not verified by Sporcle

Score 0/12 Timer 02:00
0 Plays Today
Letter Answer % Correct
Bby
58.8%
Hhas
29.4%
Vvery
23.5%
Wwould
23.5%
Ccold
17.6%
Llive
11.8%
Oopen
11.8%
U under
11.8%
Mmyself
5.9%
Nnever
5.9%
Ssleep
0%
Tthank
0%

You're not logged in!

Compare scores with friends on all Sporcle quizzes.
OR
Log In

Show Comments

Extras

Created Jan 28, 2014ReportNominate
Tags:Letter Quiz, kindergarten, sight

Top Quizzes Today


Score Distribution

Your Account Isn't Verified!

In order to create a playlist on Sporcle, you need to verify the email address you used during registration. Go to your Sporcle Settings to finish the process.

Report this User

Report this user for behavior that violates our Community Guidelines.

Details: